All the day long (Record no. 34092)

MARC details
000 -LEADER
fixed length control field 00477nam a2200145 a 4500
008 - FIXED-LENGTH DATA ELEMENTS--GENERAL INFORMATION
fixed length control field 120416s1959 ||||||||||||||||| || u
050 ## - LIBRARY OF CONGRESS CALL NUMBER
Classification number PR 6037.P7A4
100 ## - MAIN ENTRY--PERSONAL NAME
Personal name Spring, Robert Howard, 1889-
245 10 - TITLE STATEMENT
Title All the day long
246 ## - VARYING FORM OF TITLE
Title proper/short title Robert Howard Spring, 1889-
260 ## - PUBLICATION, DISTRIBUTION, ETC.
Place of publication, distribution, etc. London
Name of publisher, distributor, etc. Collins
Date of publication, distribution, etc. 1959
300 ## - PHYSICAL DESCRIPTION
Extent 510p.
350 ## - PRICE (NR) (BK AM CF MU VM SE) [OBSOLETE]
Price 0.00
995 ## - RECOMMENDATION 995 [LOCAL, UNIMARC FRANCE]
-- 0.00
-- CBU-MAIN LIBRARY (Kitwe)
-- 1
-- 8.80
-- 1
-- DAMAGED
-- Fiction Collection
Holdings
Withdrawn status Lost status Source of classification or shelving scheme Damaged status Not for loan Collection code Home library Current library Date acquired Full call number Barcode Date last seen Price effective from Koha item type
      Damaged   BINDERY (DAMAGED) CBU-MAIN LIBRARY, KITWE. CBU-MAIN LIBRARY, KITWE. 11/30/2022 PR 6037.P7A4 011331 11/30/2022 11/30/2022 MONOGRAPH